Les joueurs qui ont fait le plus de passes décisives à Ronaldo & Messi - Statistiques

Statistiques générales
  • Ce quiz a été pris 191 fois
  • Le résultat moyen est 13 sur 20
Statistiques - réponses
Passes
décisives
Passeurs pour
Cristiano Ronaldo
Périodes
ensemble
% Correct
47 Karim Benzema 2009-2018
97%
40 Neymar 2013-20172021-2023
95%
63 Luis Suarez 2014-20202024-
94%
43 Andres Iniesta 2004-2018
93%
32 Gareth Bale 2013-2018
93%
34 Xavi 2004-2015
92%
23 Sergio Busquets 2008-20212023-
84%
25 Angel Di Maria 2010-2014
76%
25 Marcelo 2009-2018
76%
29 Jordi Alba 2012-20212023-
73%
43 Dani Alves 2008-2016
68%
32 Mesut Ozil 2010-2013
66%
32 Pedro 2008-2015
61%
19 Ivan Rakitic 2014-2020
57%
18 Gonzalo Higuain 2009-2013
54%
16 Isco 2013-2018
49%
19 Ryan Giggs 2003-2009
47%
14 Kaka 2009-2013
31%
16 Cesc Fabregas 2011-2014
29%
14 Lucas Vazquez 2015-2018
14%
Aucun quiz correspondant
Distribution des résultats
% des personnes avec chaque résultat
Percentile par nombre de réponses
Votre historique - résultats
Vous n’avez pas pris ce quiz